[Event "Titled Tuesday intern op 05th Sep Late"]
[Site "Chess.com INT"]
[Date "2023.09.05"]
[Round "2"]
[White "Cervantes Landeiro, Thalia"]
[Black "Jorquera Cahuin, Marcelo Joaquin"]
[Result "0-1"]
[WhiteElo "2303"]
[BlackElo "2233"]
[PlyCount "80"]
[EventDate "2023.09.05"]
[EventType "swiss (blitz)"]
[EventRounds "11"]
[EventCountry "USA"]
[SourceTitle "EXT 2024"]
[Source "ChessBase"]
[SourceDate "2023.10.10"]
[SourceVersion "1"]
[SourceVersionDate "2023.10.10"]
[SourceQuality "1"]

1. d4 d5 2. c4 Bf5 3. cxd5 Bxb1 4. Rxb1 Qxd5 5. Nf3 Nc6 6. a3 0-0-0 7. e3 e5 8. Be2 exd4 9. 0-0 d3 10. Bd2 dxe2 11. Qxe2 Qd3 12. Qe1 Nf6 13. Rc1 Bd6 14. b4 Kb8 15. Rc3 Qg6 16. b5 Ne5 17. Nd4 Ne4 18. Rb3 Qh5 19. f4 Nxd2 20. Qxd2 Nc4 21. Qc3 Nb6 22. a4 g5 23. a5 Nd5 24. Qc4 gxf4 25. Nc6+ Ka8 26. a6 fxe3 27. axb7+ Kxb7 28. Nxd8+ Rxd8 29. Qc6+ Kb8 30. h3 Qe5 31. Re1 e2 32. Rf3 Qd4+ 33. Kh1 Qd1 34. Qc1 Qxc1 35. Rxc1 Re8 36. Re1 Bb4 37. Rxe2 Rxe2 38. Rxf7 Bd6 39. g4 Ne3 40. Rxh7 Re1# 0-1

[Event "Titled Tuesday intern op 05th Sep Late"]
[Site "Chess.com INT"]
[Date "2023.09.05"]
[Round "3"]
[White "Dushyant, Sharma"]
[Black "Jorquera Cahuin, Marcelo Joaquin"]
[Result "1/2-1/2"]
[WhiteElo "2339"]
[BlackElo "2233"]
[PlyCount "107"]
[EventDate "2023.09.05"]
[EventType "swiss (blitz)"]
[EventRounds "11"]
[EventCountry "USA"]
[SourceTitle "EXT 2024"]
[Source "ChessBase"]
[SourceDate "2023.10.10"]
[SourceVersion "1"]
[SourceVersionDate "2023.10.10"]
[SourceQuality "1"]

1. e4 d5 2. exd5 Qxd5 3. Nc3 Qa5 4. g3 Nf6 5. Bg2 Nc6 6. d3 Bd7 7. Nge2 0-0-0 8. Be3 Ng4 9. a3 Nxe3 10. fxe3 Qh5 11. Nf4 Qxd1+ 12. Rxd1 e6 13. 0-0 Ne7 14. e4 e5 15. Nfd5 Nxd5 16. Nxd5 Bc5+ 17. Kh1 f6 18. b4 Bd6 19. c4 c6 20. Ne3 h5 21. h4 Kc7 22. Kh2 Be6 23. Bh3 Bxh3 24. Kxh3 Rd7 25. Nf5 Rhd8 26. Rf3 Bf8 27. g4 hxg4+ 28. Kxg4 a5 29. c5 axb4 30. axb4 Ra8 31. d4 exd4 32. Nxd4 Kc8 33. Rfd3 Ra4 34. Ne6 Rxd3 35. Rxd3 Be7 36. Rd4 g6 37. h5 gxh5+ 38. Kxh5 b6 39. cxb6 Rxb4 40. Rxb4 Bxb4 41. Kg6 Kb7 42. Kxf6 Kxb6 43. Nf4 Bc3+ 44. Ke7 Kb5 45. Kd6 c5 46. Kd5 Bh8 47. Ng6 Bg7 48. Ne7 c4 49. Nf5 c3 50. Ne3 Kb4 51. e5 Bxe5 52. Kxe5 Kb3 53. Kd4 c2 54. Nxc2 1/2-1/2

[Event "Titled Tuesday intern op 05th Sep Late"]
[Site "Chess.com INT"]
[Date "2023.09.05"]
[Round "11"]
[White "Jorquera Cahuin, Marcelo Joaquin"]
[Black "Marcziter, Dmitrii"]
[Result "0-1"]
[WhiteElo "2233"]
[BlackElo "2236"]
[PlyCount "74"]
[EventDate "2023.09.05"]
[EventType "swiss (blitz)"]
[EventRounds "11"]
[EventCountry "USA"]
[SourceTitle "EXT 2024"]
[Source "ChessBase"]
[SourceDate "2023.10.10"]
[SourceVersion "1"]
[SourceVersionDate "2023.10.10"]
[SourceQuality "1"]

1. e4 e5 2. Nc3 Nc6 3. g3 Bc5 4. Bg2 h5 5. h3 h4 6. g4 Nge7 7. d3 Ng6 8. Be3 d6 9. Na4 Bxe3 10. fxe3 Qg5 11. Qd2 Bd7 12. Nf3 Qe7 13. Nc3 0-0-0 14. 0-0-0 Be6 15. Nd5 Qd7 16. Ng5 Nce7 17. Nxe6 fxe6 18. Nc3 Kb8 19. Rdf1 Rdf8 20. d4 a6 21. b3 exd4 22. exd4 e5 23. Nd5 Nxd5 24. exd5 Nf4 25. dxe5 dxe5 26. Be4 g5 27. c4 Qd6 28. Kb2 c6 29. Rd1 cxd5 30. Bxd5 Rd8 31. Qe3 Qc7 32. Bf3 Rhe8 33. Rhe1 Rxd1 34. Bxd1 e4 35. Bc2 Qe5+ 36. Kb1 Ng2 37. Qxe4 Nxe1 0-1

[Event "Titled Tuesday intern op 08th Nov Late"]
[Site "Chess.com INT"]
[Date "2022.11.08"]
[Round "2"]
[White "Amburgy, Ryan"]
[Black "Jorquera Cahuin, Marcelo Joaquin"]
[Result "1-0"]
[WhiteElo "2175"]
[BlackElo "2233"]
[PlyCount "137"]
[EventDate "2022.11.08"]
[EventType "swiss (blitz)"]
[EventRounds "11"]
[EventCountry "USA"]
[SourceTitle "EXT 2024"]
[Source "ChessBase"]
[SourceDate "2023.10.10"]
[SourceVersion "1"]
[SourceVersionDate "2023.10.10"]
[SourceQuality "1"]

1. Nf3 Nf6 2. c4 g6 3. Nc3 Bg7 4. e4 d6 5. d4 0-0 6. Be2 e5 7. Be3 exd4 8. Nxd4 Re8 9. f3 c6 10. Nc2 Na6 11. Qd2 Nc7 12. 0-0-0 d5 13. cxd5 cxd5 14. Bg5 Ne6 15. e5 Nxg5 16. Qxg5 Nd7 17. Qxd8 Rxd8 18. Rxd5 Re8 19. f4 Nb6 20. Rd4 f6 21. Bf3 fxe5 22. fxe5 Bxe5 23. Rdd1 Bf5 24. Bxb7 Rab8 25. Bf3 Bf4+ 26. Kb1 Be5 27. Nd5 Nc4 28. Nf6+ Bxf6 29. Bd5+ Be6 30. Bxe6+ Rxe6 31. b3 Ne3 32. Nxe3 Rxe3 33. Rd2 Rbe8 34. Rhd1 Re2 35. Kc2 Rxd2+ 36. Rxd2 Bg5 37. Rd7 Re7 38. Rd8+ Kg7 39. Rd5 Rc7+ 40. Kb1 Bf6 41. Ra5 Re7 42. Kc2 Bd4 43. Kd3 Bb6 44. Ra4 Rd7+ 45. Ke2 Re7+ 46. Kd3 Rf7 47. g4 Rf2 48. h4 Rf3+ 49. Ke4 Re3+ 50. Kd5 Rh3 51. g5 Rf3 52. Rc4 Rf7 53. a4 Rc7 54. Re4 Rd7+ 55. Kc6 Rc7+ 56. Kd6 Rf7 57. b4 Bf2 58. a5 Bg3+ 59. Kc6 Rf4 60. Re7+ Rf7 61. Re3 Bxh4 62. Re5 Bf2 63. b5 h6 64. gxh6+ Kxh6 65. Re2 Bd4 66. Kd5 Bg1 67. Rg2 Be3 68. Ke6 Bf4 69. Rh2+ 1-0

[Event "Titled Tuesday intern op 08th Nov Late"]
[Site "Chess.com INT"]
[Date "2022.11.08"]
[Round "7"]
[White "Capp, Stephen P"]
[Black "Jorquera Cahuin, Marcelo Joaquin"]
[Result "1/2-1/2"]
[WhiteElo "1920"]
[BlackElo "2233"]
[PlyCount "61"]
[EventDate "2022.11.08"]
[EventType "swiss (blitz)"]
[EventRounds "11"]
[EventCountry "USA"]
[SourceTitle "EXT 2024"]
[Source "ChessBase"]
[SourceDate "2023.10.10"]
[SourceVersion "1"]
[SourceVersionDate "2023.10.10"]
[SourceQuality "1"]

1. e4 d5 2. d4 dxe4 3. Nc3 e5 4. Bc4 Nf6 5. Nge2 exd4 6. Nxd4 Bc5 7. Be3 0-0 8. 0-0 Ng4 9. h3 Nxe3 10. fxe3 Nc6 11. Nxe4 Qe7 12. Nxc5 Qxc5 13. Bb3 Bd7 14. Qf3 Ne5 15. Qg3 Kh8 16. Rad1 a5 17. Nf5 Bxf5 18. Rxf5 f6 19. c3 a4 20. Bc2 a3 21. Rh5 h6 22. Qf4 Rf7 23. b4 Qxc3 24. Bb3 Re7 25. Rxh6+ gxh6 26. Qxh6+ Rh7 27. Qxf6+ Rg7 28. Qh6+ Rh7 29. Qf6+ Rg7 30. Qh6+ Rh7 31. Qf6+ 1/2-1/2

[Event "Titled Tuesday intern op 11th Oct Late"]
[Site "Chess.com INT"]
[Date "2022.10.11"]
[Round "5"]
[White "Clawitter, Craig"]
[Black "Jorquera Cahuin, Marcelo Joaquin"]
[Result "1/2-1/2"]
[WhiteElo "2050"]
[BlackElo "2233"]
[PlyCount "26"]
[EventDate "2022.10.11"]
[EventType "swiss (blitz)"]
[EventRounds "11"]
[EventCountry "USA"]
[SourceTitle "EXT 2024"]
[Source "ChessBase"]
[SourceDate "2023.10.10"]
[SourceVersion "1"]
[SourceVersionDate "2023.10.10"]
[SourceQuality "1"]

1. e4 d5 2. exd5 Nf6 3. Bb5+ Bd7 4. Be2 Nxd5 5. d4 Bf5 6. Nf3 e6 7. 0-0 Be7 8. c4 Nb4 9. Ne1 N8c6 10. Be3 Bf6 11. a3 Na6 12. Nf3 Kf8 13. Nc3 h6 1/2-1/2

[Event "Titled Tuesday intern op 11th Oct Late"]
[Site "Chess.com INT"]
[Date "2022.10.11"]
[Round "8"]
[White "Jorquera Cahuin, Marcelo Joaquin"]
[Black "Prieto Aranguren, Alain"]
[Result "1/2-1/2"]
[WhiteElo "2233"]
[BlackElo "2275"]
[PlyCount "116"]
[EventDate "2022.10.11"]
[EventType "swiss (blitz)"]
[EventRounds "11"]
[EventCountry "USA"]
[SourceTitle "EXT 2024"]
[Source "ChessBase"]
[SourceDate "2023.10.10"]
[SourceVersion "1"]
[SourceVersionDate "2023.10.10"]
[SourceQuality "1"]

1. e4 e5 2. Nc3 c6 3. d4 Qh4 4. Nf3 Qg4 5. Nxe5 Qxd1+ 6. Nxd1 Nf6 7. f3 d5 8. exd5 Nxd5 9. c3 Nd7 10. Nxd7 Bxd7 11. Ne3 Bd6 12. Nxd5 cxd5 13. Kf2 h5 14. h4 f6 15. Bd3 Kf7 16. Bd2 b6 17. g3 b5 18. Bf4 Bxf4 19. gxf4 Rab8 20. Rhg1 f5 21. Rae1 g6 22. Re5 Bc6 23. Rge1 Rhe8 24. Rxe8 Rxe8 25. Re5 Rc8 26. Bc2 a5 27. Bb3 a4 28. Bxd5+ Bxd5 29. Rxd5 a3 30. bxa3 Rxc3 31. Rxb5 Rxa3 32. Rb2 Ke6 33. Rb6+ Kf7 34. d5 Rxa2+ 35. Ke3 Ra3+ 36. Kd4 Rxf3 37. Ke5 Re3+ 38. Kd6 Re4 39. Rb7+ Kf6 40. Kc6 Rxf4 41. d6 Rxh4 42. Re7 Rd4 43. Kc5 Rd2 44. Re8 h4 45. Rh8 g5 46. Kc6 f4 47. d7 Kf5 48. Rh6 Rxd7 49. Kxd7 f3 50. Ke7 f2 51. Rf6+ Kg4 52. Rxf2 Kg3 53. Rf5 g4 54. Kf6 h3 55. Rh5 h2 56. Kg5 Kg2 57. Kxg4 h1Q 58. Rxh1 Kxh1 1/2-1/2

[Event "Titled Tuesday intern op 11th Oct Late"]
[Site "Chess.com INT"]
[Date "2022.10.11"]
[Round "11"]
[White "Jorquera Cahuin, Marcelo Joaquin"]
[Black "Storey, Charles"]
[Result "0-1"]
[WhiteElo "2233"]
[BlackElo "2138"]
[PlyCount "134"]
[EventDate "2022.10.11"]
[EventType "swiss (blitz)"]
[EventRounds "11"]
[EventCountry "USA"]
[SourceTitle "EXT 2024"]
[Source "ChessBase"]
[SourceDate "2023.10.10"]
[SourceVersion "1"]
[SourceVersionDate "2023.10.10"]
[SourceQuality "1"]

1. e4 e6 2. Qe2 c5 3. Nf3 Nc6 4. g3 Nf6 5. Bg2 d5 6. d3 Be7 7. 0-0 0-0 8. e5 Nd7 9. c4 Nb6 10. Nc3 Nd4 11. Qd1 dxc4 12. dxc4 Nxc4 13. Ne4 Nxf3+ 14. Qxf3 Nxe5 15. Qe2 Nc6 16. Be3 Nd4 17. Qh5 Bd7 18. Nxc5 g6 19. Qe5 Nc6 20. Qc3 Bf6 21. Qc1 Bc8 22. Rd1 Qe7 23. Ne4 Bg7 24. Bc5 Qe8 25. Nd6 Qd7 26. Nf5 exf5 27. Rxd7 Bxd7 28. b3 Rfc8 29. Qe1 Ne5 30. Be3 Bc6 31. Rd1 Bxg2 32. Kxg2 b6 33. Qe2 Ng4 34. Bf4 Re8 35. Qf3 Rac8 36. Rd2 h6 37. h3 Nf6 38. Qb7 Ne4 39. Re2 g5 40. Bc1 Rxc1 41. f3 Nd6 42. Rxe8+ Nxe8 43. Qb8 Re1 44. Qxa7 Bd4 45. f4 g4 46. Qa8 Kg7 47. Qd5 Re2+ 48. Kf1 Rd2 49. Qxf5 gxh3 50. Qxh3 Nf6 51. g4 Ne4 52. g5 Rf2+ 53. Ke1 Bc3+ 54. Kd1 Rd2+ 55. Kc1 Bb2+ 56. Kb1 Nc3+ 57. Qxc3+ Bxc3 58. gxh6+ Kxh6 59. a4 Kg6 60. b4 Bxb4 61. Kc1 Ba5 62. Kb1 Kf5 63. Kc1 Kxf4 64. Kb1 Ke3 65. Kc1 Kd3 66. Kb1 Kc3 67. Kc1 Kb3 0-1

[Event "Titled Tuesday intern op 11th Oct Late"]
[Site "Chess.com INT"]
[Date "2022.10.11"]
[Round "9"]
[White "Sabar, Ethmane Daouda"]
[Black "Jorquera Cahuin, Marcelo Joaquin"]
[Result "0-1"]
[WhiteElo "2040"]
[BlackElo "2233"]
[PlyCount "56"]
[EventDate "2022.10.11"]
[EventType "swiss (blitz)"]
[EventRounds "11"]
[EventCountry "USA"]
[SourceTitle "EXT 2024"]
[Source "ChessBase"]
[SourceDate "2023.10.10"]
[SourceVersion "1"]
[SourceVersionDate "2023.10.10"]
[SourceQuality "1"]

1. Nf3 Nf6 2. g3 g6 3. Bg2 Bg7 4. d3 0-0 5. Nbd2 d6 6. 0-0 c5 7. e4 Nc6 8. Re1 Rb8 9. a4 a6 10. c3 b5 11. axb5 axb5 12. h3 b4 13. d4 Ne8 14. Nb3 bxc3 15. bxc3 cxd4 16. Nbxd4 Bd7 17. Bd2 Nc7 18. Kh2 Nb5 19. Bf1 Nbxd4 20. cxd4 Nxd4 21. Nxd4 Bxd4 22. Ba5 Bb6 23. Bc3 f6 24. Bc4+ Kg7 25. Qe2 Qc7 26. Rec1 Qc5 27. Be1 Rfc8 28. Kg2 Qh5 0-1

[Event "Titled Tuesday intern op 11th Oct Late"]
[Site "Chess.com INT"]
[Date "2022.10.11"]
[Round "2"]
[White "Tanenbaum, Zachary Chen"]
[Black "Jorquera Cahuin, Marcelo Joaquin"]
[Result "1-0"]
[WhiteElo "2178"]
[BlackElo "2233"]
[PlyCount "41"]
[EventDate "2022.10.11"]
[EventType "swiss (blitz)"]
[EventRounds "11"]
[EventCountry "USA"]
[SourceTitle "EXT 2024"]
[Source "ChessBase"]
[SourceDate "2023.10.10"]
[SourceVersion "1"]
[SourceVersionDate "2023.10.10"]
[SourceQuality "1"]

1. e4 d5 2. exd5 Qxd5 3. Nc3 Qa5 4. d4 Nf6 5. Nf3 Bf5 6. Bc4 e6 7. Bd2 Bb4 8. Qe2 0-0 9. 0-0-0 Nc6 10. Kb1 Rfd8 11. a3 Bxc3 12. Bxc3 Qb6 13. Bd3 Nd5 14. Bd2 Bxd3 15. Qxd3 Rd7 16. c4 Qa6 17. Bc3 Nb6 18. Ng5 g6 19. d5 exd5 20. Qh3 h5 21. c5 1-0

[Event "Titled Tuesday intern op 04th Oct Late"]
[Site "Chess.com INT"]
[Date "2022.10.04"]
[Round "7"]
[White "Jorquera Cahuin, Marcelo Joaquin"]
[Black "Shuvalov, Evgenij"]
[Result "1/2-1/2"]
[WhiteElo "2233"]
[BlackElo "2149"]
[PlyCount "122"]
[EventDate "2022.10.04"]
[EventType "swiss (blitz)"]
[EventRounds "11"]
[EventCountry "USA"]
[SourceTitle "EXT 2023"]
[Source "ChessBase"]
[SourceDate "2022.10.05"]
[SourceVersion "1"]
[SourceVersionDate "2022.10.05"]
[SourceQuality "1"]

1. e4 e6 2. Qe2 c5 3. Nf3 Nc6 4. g3 Nf6 5. Bg2 Be7 6. 0-0 0-0 7. d3 d5 8. e5 Ne8 9. c4 Nc7 10. Nc3 Rb8 11. a4 b6 12. h4 Bb7 13. Bf4 a6 14. h5 h6 15. Rfd1 Nd4 16. Nxd4 cxd4 17. Nb1 dxc4 18. dxc4 Bxg2 19. Kxg2 a5 20. Qe4 Bc5 21. Nd2 Qe7 22. Nb3 Rfd8 23. Rd2 Na6 24. Rad1 Qe8 25. Nxd4 Bxd4 26. Rxd4 Rxd4 27. Rxd4 Nc5 28. Qf3 Qxa4 29. Qd1 Qxd1 30. Rxd1 Kf8 31. Rd6 Ke7 32. Be3 a4 33. Rxb6 Nd7 34. Rxb8 Nxb8 35. Kf3 Nc6 36. Ke4 Kd7 37. g4 Na5 38. Kd3 Kc6 39. f4 Kd7 40. Kc3 Nc6 41. Bc5 Ke8 42. b4 axb3 43. Kxb3 g6 44. Ka4 g5 45. fxg5 Nxe5 46. gxh6 f6 47. h7 Nf7 48. Bd4 e5 49. Bc5 Kd7 50. Bf8 e4 51. Bg7 e3 52. Bxf6 e2 53. Bc3 Kc6 54. Kb3 Kc5 55. Kc2 Kxc4 56. Be1 Kd4 57. Kd2 Ke4 58. Kxe2 Kf4 59. Bd2+ Kxg4 60. Bc3 Kxh5 61. h8Q+ Nxh8 1/2-1/2

[Event "Titled Tuesday intern op 04th Oct Late"]
[Site "Chess.com INT"]
[Date "2022.10.04"]
[Round "6"]
[White "Sai, Han Thiha"]
[Black "Jorquera Cahuin, Marcelo Joaquin"]
[Result "0-1"]
[WhiteElo "2161"]
[BlackElo "2233"]
[PlyCount "80"]
[EventDate "2022.10.04"]
[EventType "swiss (blitz)"]
[EventRounds "11"]
[EventCountry "USA"]
[SourceTitle "EXT 2023"]
[Source "ChessBase"]
[SourceDate "2022.10.05"]
[SourceVersion "1"]
[SourceVersionDate "2022.10.05"]
[SourceQuality "1"]

1. d4 Nf6 2. c4 g6 3. Nc3 Bg7 4. e4 d6 5. Nf3 0-0 6. Be2 e5 7. Be3 exd4 8. Nxd4 Re8 9. f3 c6 10. Bf2 d5 11. exd5 cxd5 12. 0-0 Nc6 13. c5 Bf8 14. Nxc6 bxc6 15. Bd4 Nd7 16. b4 Bg7 17. Re1 a5 18. Bxg7 Kxg7 19. b5 Qf6 20. bxc6 Qxc3 21. cxd7 Qxc5+ 22. Kh1 Bxd7 23. Rc1 Qf2 24. Qxd5 Be6 25. Qe5+ Kg8 26. Bb5 Bd7 27. Qxe8+ Bxe8 28. Bxe8 Kf8 29. Bb5 Qxa2 30. Rc7 Qd2 31. Rg1 Qd6 32. Rgc1 Rd8 33. h3 h5 34. Ba4 Qd3 35. Bc6 Qe2 36. Be4 Rd1+ 37. Rxd1 Qxd1+ 38. Kh2 Qd6+ 39. Kg1 Qxc7 40. Kf2 Qc3 0-1

[Event "Titled Tuesday intern op 04th Oct Late"]
[Site "Chess.com INT"]
[Date "2022.10.04"]
[Round "1"]
[White "Tristan, Leonardo"]
[Black "Jorquera Cahuin, Marcelo Joaquin"]
[Result "1-0"]
[WhiteElo "2546"]
[BlackElo "2233"]
[PlyCount "85"]
[EventDate "2022.10.04"]
[EventType "swiss (blitz)"]
[EventRounds "11"]
[EventCountry "USA"]
[SourceTitle "EXT 2023"]
[Source "ChessBase"]
[SourceDate "2022.10.05"]
[SourceVersion "1"]
[SourceVersionDate "2022.10.05"]
[SourceQuality "1"]

1. d4 d5 2. Nf3 Bf5 3. Bf4 e6 4. e3 Nf6 5. c4 Nc6 6. Nc3 Be7 7. h3 h6 8. Be2 0-0 9. 0-0 Ne4 10. Rc1 Nxc3 11. Rxc3 Bd6 12. Bxd6 Qxd6 13. cxd5 exd5 14. Rc5 Ne7 15. Qb3 b6 16. Rc3 c5 17. dxc5 bxc5 18. Qa3 Rfc8 19. Rfc1 Qb6 20. Rxc5 Rxc5 21. Rxc5 Rc8 22. Rxc8+ Nxc8 23. Nd4 Bd7 24. Qc3 Nd6 25. Bd3 Ne4 26. Bxe4 dxe4 27. b4 Qd6 28. Qc5 Qa6 29. Qd5 Be6 30. Qa8+ Kh7 31. Qxe4+ g6 32. Nxe6 fxe6 33. h4 Qxa2 34. h5 Qa1+ 35. Kh2 Qf6 36. Qxg6+ Qxg6 37. hxg6+ Kxg6 38. Kg3 Kg5 39. f4+ Kf5 40. Kf3 h5 41. e4+ Kf6 42. b5 Kg6 43. Kg3 1-0

[Event "Titled Tuesday intern op 04th Oct Late"]
[Site "Chess.com INT"]
[Date "2022.10.04"]
[Round "4"]
[White "Yurovskich, Oleksandr"]
[Black "Jorquera Cahuin, Marcelo Joaquin"]
[Result "1-0"]
[WhiteElo "2328"]
[BlackElo "2233"]
[PlyCount "79"]
[EventDate "2022.10.04"]
[EventType "swiss (blitz)"]
[EventRounds "11"]
[EventCountry "USA"]
[SourceTitle "EXT 2023"]
[Source "ChessBase"]
[SourceDate "2022.10.05"]
[SourceVersion "1"]
[SourceVersionDate "2022.10.05"]
[SourceQuality "1"]

1. d4 d5 2. Bf4 Bf5 3. c4 e6 4. Nc3 Nf6 5. e3 Nc6 6. Nf3 Be7 7. Be2 h6 8. 0-0 0-0 9. h3 Ne4 10. Nxe4 Bxe4 11. Ne5 Nxe5 12. Bxe5 Bd6 13. Bxd6 cxd6 14. Qb3 dxc4 15. Bxc4 Rb8 16. Rfc1 b5 17. Bf1 Qb6 18. Rc3 b4 19. Rcc1 Rfc8 20. Qa4 Bc6 21. Qa6 Bd7 22. Qxb6 axb6 23. Ba6 Rxc1+ 24. Rxc1 Ra8 25. Bc4 Rc8 26. Rc2 Ba4 27. b3 Bb5 28. Bd3 Rc3 29. Rxc3 bxc3 30. Bc2 e5 31. d5 Kf8 32. e4 g6 33. f3 Kg7 34. Kf2 Kf6 35. g3 g5 36. Ke3 h5 37. h4 gxh4 38. gxh4 Kg6 39. Bd3 Bd7 40. a4 1-0

[Event "Titled Tuesday intern op 13th Sep Late"]
[Site "Chess.com INT"]
[Date "2022.09.13"]
[Round "10"]
[White "Jorquera Cahuin, Marcelo Joaquin"]
[Black "Golubev, Mikhail"]
[Result "1-0"]
[WhiteElo "2233"]
[BlackElo "2461"]
[PlyCount "53"]
[EventDate "2022.09.13"]
[EventType "swiss (blitz)"]
[EventRounds "11"]
[EventCountry "USA"]
[SourceTitle "EXT 2023"]
[Source "ChessBase"]
[SourceDate "2022.10.05"]
[SourceVersion "1"]
[SourceVersionDate "2022.10.05"]
[SourceQuality "1"]

1. e4 c5 2. Nc3 d6 3. g3 Nc6 4. Bg2 g6 5. d3 Bg7 6. Be3 e6 7. Qd2 Rb8 8. Nf3 Nd4 9. Bxd4 cxd4 10. Nb5 Qb6 11. Qb4 Kd7 12. e5 Bxe5 13. Nxe5+ dxe5 14. Qf8 Qa5+ 15. b4 Qxb5 16. 0-0 h5 17. Qg7 Ke7 18. f4 Rh7 19. Qxg8 exf4 20. Qxh7 Bd7 21. Rxf4 Rf8 22. Raf1 Be8 23. Qg7 Qg5 24. Qxd4 Ba4 25. h4 Qxg3 26. Qc5+ Ke8 27. R1f2 1-0

[Event "Titled Tuesday intern op 13th Sep Late"]
[Site "Chess.com INT"]
[Date "2022.09.13"]
[Round "3"]
[White "Jorquera Cahuin, Marcelo Joaquin"]
[Black "Marjanovic, Annamaria"]
[Result "1-0"]
[WhiteElo "2233"]
[BlackElo "2312"]
[PlyCount "131"]
[EventDate "2022.09.13"]
[EventType "swiss (blitz)"]
[EventRounds "11"]
[EventCountry "USA"]
[SourceTitle "EXT 2023"]
[Source "ChessBase"]
[SourceDate "2022.10.05"]
[SourceVersion "1"]
[SourceVersionDate "2022.10.05"]
[SourceQuality "1"]

1. e4 e6 2. Qe2 Be7 3. Nf3 d5 4. d3 Nf6 5. g3 0-0 6. Bg2 c5 7. 0-0 Nc6 8. e5 Nd7 9. c4 dxc4 10. dxc4 Qc7 11. Bf4 Rd8 12. Nc3 a6 13. Rad1 b6 14. h4 Bb7 15. Rfe1 Nf8 16. h5 Rac8 17. Ne4 Nd4 18. Nxd4 cxd4 19. b3 Bxe4 20. Bxe4 Bb4 21. Rf1 Rd7 22. Kg2 Qc5 23. h6 g6 24. Qg4 Bc3 25. Rd3 Ra7 26. Qh4 Qe7 27. Bg5 Qc7 28. Bf6 Nd7 29. Qf4 Nc5 30. Rf3 Nxe4 31. Qxe4 Qb7 32. Qf4 d3 33. Kh2 Bb4 34. Rxd3 Bf8 35. Rfd1 Raa8 36. Rd7 Rc7 37. Rxc7 Qxc7 38. Rd4 b5 39. Qd2 bxc4 40. bxc4 Qc5 41. Rd8 Rxd8 42. Qxd8 Qxf2+ 43. Kh3 Qf1+ 44. Kh2 Qf2+ 45. Kh3 Qf5+ 46. Kh2 Qh5+ 47. Kg2 Qxh6 48. Be7 Qg7 49. c5 Qh6 50. c6 f5 51. Qxf8+ Qxf8 52. Bxf8 Kxf8 53. c7 Ke7 54. c8Q Kf7 55. Qb7+ Kg8 56. Qxa6 Kg7 57. Qb7+ Kh6 58. a4 g5 59. a5 g4 60. a6 Kh5 61. a7 f4 62. a8Q f3+ 63. Kf2 Kg5 64. Qf7 h6 65. Qf6+ Kh5 66. Qe8# 1-0

[Event "Titled Tuesday intern op 13th Sep Late"]
[Site "Chess.com INT"]
[Date "2022.09.13"]
[Round "1"]
[White "Sargsyan, Anna M"]
[Black "Jorquera Cahuin, Marcelo Joaquin"]
[Result "1-0"]
[WhiteElo "2378"]
[BlackElo "2233"]
[PlyCount "77"]
[EventDate "2022.09.13"]
[EventType "swiss (blitz)"]
[EventRounds "11"]
[EventCountry "USA"]
[SourceTitle "EXT 2023"]
[Source "ChessBase"]
[SourceDate "2022.10.05"]
[SourceVersion "1"]
[SourceVersionDate "2022.10.05"]
[SourceQuality "1"]

1. d4 d5 2. c4 Bf5 3. Nc3 e6 4. Qb3 Nc6 5. e3 Na5 6. Qa4+ c6 7. cxd5 exd5 8. Nf3 a6 9. Bd2 b5 10. Qd1 Nc4 11. Bc1 Nf6 12. Bd3 Bg4 13. Be2 Bd6 14. 0-0 0-0 15. b3 Nb6 16. Bb2 b4 17. Nb1 Ne4 18. Nbd2 f5 19. Rc1 Rf6 20. h3 Bh5 21. Kh1 Qe8 22. Ne5 Bxe2 23. Qxe2 Bc7 24. Ndf3 a5 25. Rc2 g5 26. Rfc1 g4 27. Ng1 c5 28. dxc5 Bxe5 29. Bxe5 Qxe5 30. cxb6 Rxb6 31. Qd3 Rc6 32. f4 Qe8 33. Qxd5+ Re6 34. Nf3 gxf3 35. gxf3 Nf6 36. Qxf5 Rxe3 37. Qxf6 Re1+ 38. Rxe1 Qxe1+ 39. Kh2 1-0

[Event "Titled Tuesday intern op 06th Sep Late"]
[Site "Chess.com INT"]
[Date "2022.09.06"]
[Round "4"]
[White "Zinski, Maximilian"]
[Black "Jorquera Cahuin, Marcelo Joaquin"]
[Result "1-0"]
[WhiteElo "2046"]
[BlackElo "2233"]
[PlyCount "41"]
[EventDate "2022.09.06"]
[EventType "swiss (blitz)"]
[EventRounds "11"]
[EventCountry "USA"]
[SourceTitle "EXT 2023"]
[Source "ChessBase"]
[SourceDate "2022.10.05"]
[SourceVersion "1"]
[SourceVersionDate "2022.10.05"]
[SourceQuality "1"]

1. e4 d5 2. exd5 Nf6 3. Nc3 Nxd5 4. Nf3 Nxc3 5. bxc3 g6 6. d4 Bg7 7. Bd3 0-0 8. h4 h5 9. Ng5 c5 10. Nxf7 Kxf7 11. Bc4+ e6 12. g4 hxg4 13. Qxg4 Qf6 14. h5 gxh5 15. Rxh5 cxd4 16. Rf5 Nc6 17. Bg5 Qxf5 18. Qxf5+ Kg8 19. Bxe6+ Bxe6 20. Qxe6+ Kh7 21. 0-0-0 1-0

[Event "Titled Tuesday intern op 30th Aug Late"]
[Site "Chess.com INT"]
[Date "2022.08.30"]
[Round "2"]
[White "Jorquera Cahuin, Marcelo Joaquin"]
[Black "Matinian, Nikita"]
[Result "0-1"]
[WhiteElo "2233"]
[BlackElo "2435"]
[PlyCount "42"]
[EventDate "2022.08.30"]
[EventType "swiss (blitz)"]
[EventRounds "11"]
[EventCountry "USA"]
[SourceTitle "EXT 2023"]
[Source "ChessBase"]
[SourceDate "2022.10.05"]
[SourceVersion "1"]
[SourceVersionDate "2022.10.05"]
[SourceQuality "1"]

1. e4 d6 2. d4 g6 3. Nc3 a6 4. f4 Bg7 5. Nf3 b5 6. a3 Bb7 7. Bd3 Nd7 8. e5 c5 9. e6 fxe6 10. Ng5 Nf8 11. Qe2 c4 12. Be4 Bxe4 13. Qxe4 d5 14. Qe2 Bxd4 15. Bd2 Nf6 16. 0-0-0 Qd6 17. Kb1 h6 18. Nf3 Bc5 19. Rhe1 Rb8 20. Be3 b4 21. Bxc5 Qxc5 0-1

[Event "Titled Tuesday intern op 30th Aug Late"]
[Site "Chess.com INT"]
[Date "2022.08.30"]
[Round "1"]
[White "Jorquera Cahuin, Marcelo Joaquin"]
[Black "Nazari, Arad"]
[Result "1-0"]
[WhiteElo "2233"]
[BlackElo "2389"]
[PlyCount "89"]
[EventDate "2022.08.30"]
[EventType "swiss (blitz)"]
[EventRounds "11"]
[EventCountry "USA"]
[SourceTitle "EXT 2023"]
[Source "ChessBase"]
[SourceDate "2022.10.05"]
[SourceVersion "1"]
[SourceVersionDate "2022.10.05"]
[SourceQuality "1"]

1. e4 c5 2. Nc3 d6 3. g3 g6 4. d3 Bg7 5. Be3 Nc6 6. Qd2 e6 7. Bg2 Bd7 8. f4 Nge7 9. Nf3 0-0 10. 0-0 a6 11. d4 cxd4 12. Nxd4 Nxd4 13. Bxd4 Bc6 14. Bxg7 Kxg7 15. Qd4+ f6 16. Rad1 Nc8 17. Rf2 Qe7 18. Rfd2 e5 19. Qf2 Rd8 20. Nd5 Bxd5 21. Rxd5 b5 22. c3 Rb8 23. fxe5 fxe5 24. R5d2 Nb6 25. b3 Qe6 26. Qe3 Nc8 27. h4 Rb7 28. Kh2 Rc7 29. Bh3 Qf6 30. Rf2 Qe7 31. Rdf1 Na7 32. h5 Nc6 33. h6+ Kg8 34. Qb6 Rb8 35. Qe3 b4 36. Qd3 Rb5 37. c4 Rc5 38. Qf3 Rc8 39. Qf7+ Qxf7 40. Rxf7 Rd8 41. Rg7+ Kh8 42. Rff7 Nd4 43. Rxh7+ Kg8 44. Rfg7+ Kf8 45. Rh8# 1-0